Dynamic world : (Record no. 6556)

MARC details
000 -LEADER
fixed length control field 01282cam a22003377a 4500
001 - CONTROL NUMBER
control field 13076311
003 - CONTROL NUMBER IDENTIFIER
control field OSt
005 - DATE AND TIME OF LATEST TRANSACTION
control field 20200203094908.0
008 - FIXED-LENGTH DATA ELEMENTS--GENERAL INFORMATION
fixed length control field 030131s2002 enkab b 001 0 eng d
010 ## - LIBRARY OF CONGRESS CONTROL NUMBER
LC control number 2003268472
015 ## - NATIONAL BIBLIOGRAPHY NUMBER
National bibliography number GBA2-W9623
020 ## - INTERNATIONAL STANDARD BOOK NUMBER
International Standard Book Number 0340806788
020 ## - INTERNATIONAL STANDARD BOOK NUMBER
International Standard Book Number 0340806796 (PBK.)
035 ## - SYSTEM CONTROL NUMBER
System control number (OCoLC)ocm49906556
040 ## - CATALOGING SOURCE
Original cataloging agency UKM
Transcribing agency UKM
Modifying agency C#P
-- DLC
042 ## - AUTHENTICATION CODE
Authentication code lccopycat
082 04 - DEWEY DECIMAL CLASSIFICATION NUMBER
Classification number 337.7
Edition number 21
Item number MAN 2002
100 1# - MAIN ENTRY--PERSONAL NAME
Personal name Mannion, Antoinette M.
9 (RLIN) 13484
245 10 - TITLE STATEMENT
Title Dynamic world :
Remainder of title land-cover and land-use change /
Statement of responsibility, etc. A.M. Mannion.
260 ## - PUBLICATION, DISTRIBUTION, ETC. (IMPRINT)
Place of publication, distribution, etc. London :
Name of publisher, distributor, etc. Arnold ;
Place of publication, distribution, etc. New York :
Name of publisher, distributor, etc. Oxford University Press,
Date of publication, distribution, etc. 2002.
300 ## - PHYSICAL DESCRIPTION
Extent vii, 230 p. :
Other physical details ill., maps ;
Dimensions 24 cm.
504 ## - BIBLIOGRAPHY, ETC. NOTE
Bibliography, etc Includes bibliographical references (p. [214]-224) and index.
650 #0 - SUBJECT ADDED ENTRY--TOPICAL TERM
Topical term or geographic name as entry element Nature
General subdivision Effect of human beings on.
9 (RLIN) 4353
650 #0 - SUBJECT ADDED ENTRY--TOPICAL TERM
Topical term or geographic name as entry element Landscape changes.
9 (RLIN) 13485
650 #0 - SUBJECT ADDED ENTRY--TOPICAL TERM
Topical term or geographic name as entry element Land cover.
9 (RLIN) 13486
856 42 - ELECTRONIC LOCATION AND ACCESS
Materials specified Publisher description
Uniform Resource Identifier http://www.loc.gov/catdir/enhancements/fy0615/2003268472-d.html
856 42 - ELECTRONIC LOCATION AND ACCESS
Materials specified Contributor biographical information
Uniform Resource Identifier http://www.loc.gov/catdir/enhancements/fy0726/2003268472-b.html
906 ## - LOCAL DATA ELEMENT F, LDF (RLIN)
a 7
b cbc
c copycat
d 2
e ncip
f 20
g y-gencatlg
942 ## - ADDED ENTRY ELEMENTS (KOHA)
Source of classification or shelving scheme Dewey Decimal Classification
Koha item type Open Shelf
Holdings
Withdrawn status Lost status Source of classification or shelving scheme Damaged status Not for loan Home library Current library Date acquired Source of acquisition Inventory number Total Checkouts Full call number Barcode Date last seen Price effective from Koha item type
    Dewey Decimal Classification     MUST Main Library MUST Main Library 03/02/2020 Donation 2005/23163   337.7 MAN 2002 2020-0276 03/02/2020 03/02/2020 Open Shelf
    Dewey Decimal Classification     MUST Main Library MUST Main Library 25/06/2024 Donation 05/23165   337.7 MAN 2002 2024-21269 25/06/2024 25/06/2024 Open Shelf
    Other/Generic Classification Scheme     MUST Main Library MUST Main Library 25/06/2024 Donation 05/23164   337.7 MAN 2002 2024-21272 25/06/2024 25/06/2024 Open Shelf